Discours de la méthode /

Hlavní autor: Descartes, René, 1596-1650
Jazyk: Francouzština
Vydáno: Paris : Éditions Sociales, [1950]
Fyzický popis: 107 s. ;
Knihy
Uloženo v:
LEADER 00649nam 22001932a 4500
001 000750264
003 CZ BrMZK
005 20041124082945.0
007 ta
008 041116s1950 fr ||||| |||||||| | fre d
040 |a ABA001  |b cze  |d BOA001 
100 1 |a Descartes, René,  |d 1596-1650  |7 jn19990001725  |4 aut 
245 1 0 |a Discours de la méthode /  |c René Descartes ; préface, commentaire et notes explioatives par M. Barjonet 
260 |a Paris :  |b Éditions Sociales,  |c [1950] 
300 |a 107 s. ; 
910 |a BOA001  |b 1-0276.333  |k k 
990 |a BK 
993 |a Y 
996 7 |b 2619212462  |c 1-0276.333  |l MZK  |r Sklad / do 1 hodiny  |n 4  |w 000750264  |u 000010  |a 1  |e BOA001  |j MZK50  |s A